| 000 | 01402nam a2200325 a 4500 | ||
|---|---|---|---|
| 001 | 000004165 | ||
| 003 | DO-SdBNP | ||
| 005 | 20230704135340.0 | ||
| 007 | ta | ||
| 008 | 090717e2008 dr ao gr 001 edspa d | ||
| 020 | _a9789945421187 | ||
| 040 |
_aDO-SdBNP _bspa _cBPMSU |
||
| 082 | 4 |
_a324.22 _bC352L 2008 _222 |
|
| 100 | 1 |
_aCastillo, Henry, _d1963- |
|
| 245 | 1 | 0 |
_aLeonel : _bel líder propulsor de la modernización y el progreso / _cHenry Castillo |
| 260 |
_aSanto Domingo : _bEditorial Cagrul, _c2008 |
||
| 300 |
_a84 p. : _bil., retrs. ; _c21 cm. |
||
| 490 | 0 | _aPolítica y sociedad | |
| 500 | _aIncluye datos biográficos del autor en la solapa de la contracubierta. | ||
| 505 |
_aPrimera Parte. _tImpulso de un Proyecto de Nación.-- _tCarisma singular.-- _tAglutinación de fuerzas.-- _tAires de cambios.-- _tEsbozos de resultados.-- _tSerenidad y firmeza.-- _tPropuesta de pacto social.-- _tRuptura y continuidad.-- _tDiscurso innovador.-- _tcompetitividad e integración.-- |
||
| 505 |
_aSegunda parte. _tEntrevista especial. |
||
| 590 | _aInventariado 2023/VM | ||
| 600 | 0 |
_aFernández, Leonel, _d1953- |
|
| 651 | 4 |
_aRepública Dominicana _xPolítica y gobierno _y1996- |
|
| 651 | 4 |
_aRepública Dominicana _xPolítica económica |
|
| 651 | 4 |
_aRepública Dominicana _xAdministración pública. |
|
| 700 | 1 | _aArias, Ingrid | |
| 910 | _aVMateo V. Control de calidad (BPMSU) | ||
| 942 |
_2ddc _cBK |
||
| 999 |
_c12844 _d12844 |
||